Every College Football Team - Statistics

General Stats
  • This quiz has been taken 24 times
  • The average score is 90 of 134
Answer Stats
Hint Answer % Correct
Florida State
100%
Georgia
100%
Miami
100%
Florida
94%
SEC Alabama
88%
ACC Boston College
88%
Clemson
88%
Duke
88%
Iowa
88%
Ohio
88%
Ohio State
88%
Penn State
88%
Texas
88%
Texas A&M
88%
Texas Tech
88%
Virginia
88%
Boise State
82%
Georgia Tech
82%
Iowa State
82%
Michigan
82%
Michigan State
82%
Navy
82%
Nebraska
82%
North Carolina
82%
Oregon
82%
PAC 12 Oregon State
82%
Syracuse
82%
Virginia Tech
82%
Washington
82%
Washington State
82%
BIG 12 Arizona
76%
Arizona State
76%
BYU
76%
California
76%
Colorado
76%
Houston
76%
Indiana
76%
Kansas
76%
Kansas State
76%
Louisville
76%
LSU
76%
Mississippi State
76%
NC State
76%
Nevada
76%
Oklahoma
76%
Rutgers
76%
San Diego State
76%
UConn
76%
USC
76%
Wake Forest
76%
Arkansas
71%
Army
71%
Auburn
71%
Baylor
71%
Colorado State
71%
Hawaii
71%
BIG 10 Illinois
71%
CUSA Liberty
71%
Maryland
71%
Missouri
71%
Independents Notre Dame
71%
Ole Miss
71%
Pittsburgh
71%
South Carolina
71%
Tulane
71%
UCF
71%
UCLA
71%
Utah
71%
Wyoming
71%
Mountain West Air Force
65%
Kent State
65%
Kentucky
65%
Memphis
65%
Miami (OH)
65%
Oklahoma State
65%
Purdue
65%
SMU
65%
Stanford
65%
Tennessee
65%
UMass
65%
UTEP
65%
UTSA
65%
West Virginia
65%
Cincinnati
59%
Jacksonville State
59%
Louisiana
59%
New Mexico
59%
New Mexico State
59%
Northwestern
59%
Rice
59%
TCU
59%
Temple
59%
Toledo
59%
UNLV
59%
Utah State
59%
Wisconsin
59%
Mid American Akron
53%
Sun Belt Appalachian State
53%
Ball State
53%
Bowling Green
53%
Buffalo
53%
East Carolina
53%
Eastern Michigan
53%
Georgia Southern
53%
Marshall
53%
Middle Tennessee
53%
Minnesota
53%
North Texas
53%
San Jose State
53%
Southern Mississippi
53%
American UAB
53%
Vanderbilt
53%
Western Kentucky
53%
Western Michigan
53%
Arkansas State
47%
Central Michigan
47%
FIU
47%
Georgia State
47%
James Madison
47%
Louisiana Tech
47%
South Alabama
47%
South Florida
47%
Texas State
47%
Tulsa
47%
Coastal Carolina
41%
Fresno State
41%
Louisiana Monroe
41%
Northern Illinois
41%
Old Dominion
41%
Charlotte
35%
FAU
35%
Kennesaw State
35%
Sam Houston State
35%
Troy
35%
No matching quizzes found
Score Distribution
Percent of People with Each Score
Percentile by Number Answered
Your Score History
You have not taken this quiz